00285nam a2200121Ia 4500008004100000082001800041100001500059245002600074250000800100260002300108300001000131650002200141150201s2007 xx 000 0 und d a617.6bR2007D aDOWD,FRANK aREVIEW FOR THE NBDE-1 a1ST bMOSBYaDELHIc2007 a1-403 aGENERAL DENTISTRY